Missing Word: TV Shows with 'S' Quiz Stats

 Plays Quiz Updated Jan 10, 2012

Support Sporcle.
Go Orange.
Score 0/20 Timer 02:00
0 Plays Today
Television Show Answer % Correct
Murder ___ WroteShe
97.8%
____ TrekStar
97.7%
_____ Night LiveSaturday
97.5%
___ and the CitySex
96.9%
_____ by the BellSaved
95.7%
CSI: Crime _____ InvestigationScene
95.5%
Jersey _____Shore
92.5%
3rd Rock from the ___Sun
92.4%
Law & Order: ____ Victims UnitSpecial
90.8%
____ of AnarchySons
85.9%
Television Show Answer % Correct
Lost in _____Space
85.1%
8 ______ RulesSimple
83.9%
The Ren & ______ ShowStimpy
80%
Laverne and _______Shirley
78.5%
Get _____Smart
70.6%
Remington ______Steele
63%
The Mod _____Squad
62.8%
Mystery _______ Theatre 3000Science
49.4%
Perfect _________Strangers
40.5%
Adventures of ________Superman
17.2%

Today's Daily Dose

Word Ladder
Math Aid

Get the Picture
Warrior Women

You're not logged in!

Compare scores with friends on all Sporcle quizzes.
OR
Log In
Forgot?

From the Vault

25 Ways Not to Be 'Late'

by timmylemoine1

No matter how late you are, there's always time for one more Sporcle quiz.
Remove Ads.
Support Sporcle.
Get the best of Sporcle when you Go Orange. This ad-free experience offers more features, more stats, and more fun while also helping to support Sporcle. Thank you for becoming a member.

Show Comments

Extras

Top Quizzes Today


Score Distribution

Your Account Isn't Verified!

In order to create a playlist on Sporcle, you need to verify the email address you used during registration. Go to your Sporcle Settings to finish the process.

Report this User

Report this user for behavior that violates our Community Guidelines.

Details: